Крутящие моменты и расход мощности при работе червячных зуборезных фрезеров; Станки и инструмент; № 1

Bibliografiset tiedot
Parent link:Станки и инструмент
№ 1.— 1939.— С. 33-36
Päätekijä: Розенберг А. М.
Kieli:venäjä
Julkaistu: 1939
Aiheet:
Aineistotyyppi: Kirjan osa
KOHA link:https://koha.lib.tpu.ru/cgi-bin/koha/opac-detail.pl?biblionumber=593505

MARC

LEADER 00000naa0a2200000 4500
001 593505
005 20241214190242.0
035 |a (RuTPU)RU\TPU\tpu\6927 
035 |a TPU00006930 
090 |a 593505 
100 |a 20011210d1939 k||y0rusy50 ca 
101 0 |a rus 
102 |a RU 
200 1 |a Крутящие моменты и расход мощности при работе червячных зуборезных фрезеров  |f А. М. Розенберг 
461 |t Станки и инструмент 
463 |t № 1  |v С. 33-36  |d 1939 
610 1 |a машиностроение 
610 1 |a труды учёных ТПУ 
700 1 |a Розенберг  |b А. М. 
801 0 |a RU  |b 63413507  |c 20011210  |g PSBO 
801 2 |a RU  |b 63413507  |c 20210701  |g PSBO 
942 |c CR